书目信息 |
| 题名: |
污染环境植物修复的原理与方法
|
|
| 作者: | 唐世容 编著 | |
| 分册: | ||
| 出版信息: | 北京 科学出版社 2006.50 |
|
| 页数: | ||
| 开本: | 16开 | |
| 丛书名: | ||
| 单 册: | ||
| 中图分类: | X173 | |
| 科图分类: | ||
| 主题词: | 环境生物学 | |
| 电子资源: | ||
| ISBN: | 7-03-016973-5 | |
| 000 | 00557nam0 2200181 450 | |
| 001 | 0736196517 | |
| 005 | 20070924100316.51 | |
| 010 | @a7-03-016973-5@d¥48.00 | |
| 100 | @a20070924d km y0chiy0120 ea | |
| 101 | 0 | @achi |
| 200 | 1 | @a污染环境植物修复的原理与方法@Awu ran huan jing zhi wu xiu fu de yuan li yu fang fa@f唐世容 编著@Ftang shi rong bian zhu |
| 210 | @a北京@c科学出版社@d2006.50 | |
| 215 | @d16开 | |
| 606 | 0 | @a环境生物学 |
| 690 | @aX173@v3 | |
| 701 | 0 | @a唐世容@Atang shi rong@4编著 |
| 801 | 0 | @aCN@bPFT@c20070924 |
| 905 | @a213230@dX173@eZY99@f1 | |
| 污染环境植物修复的原理与方法/唐世容 编著.-北京:科学出版社,2006.50 |
| 16开 |
| ISBN 7-03-016973-5:¥48.00 |
| ● |
| 相关链接 |
|
|
|
|
正题名:污染环境植物修复的原理与方法
索取号:X173/ZY99
 
预约/预借
| 序号 | 登录号 | 条形码 | 馆藏地/架位号 | 状态 | 备注 |
| 1 | 7901861 | 279018616 | 密集书库-资源管理系/ [索取号:X173/ZY99] | 在馆 |